Welcome to the Holygrace Academy Library

Please use search bar below to get started

MARKETING MANAGEMENT (Record no. 5435)

MARC details
000 -LEADER
fixed length control field 00280nam a22001217a 4500
082 ## - DEWEY DECIMAL CLASSIFICATION NUMBER
Classification number 658.8
Item number NEW/M
100 ## - MAIN ENTRY--AUTHOR NAME
Personal name NEW WISDOM PUBLICATIONS
245 ## - TITLE STATEMENT
Title MARKETING MANAGEMENT
260 ## - PUBLICATION, DISTRIBUTION, ETC. (IMPRINT)
Place of publication DELHI
Name of publisher NEW WISDOM PUBLICATIONS
300 ## - PHYSICAL DESCRIPTION
Number of Pages 234
650 ## - SUBJECT ADDED ENTRY--TOPICAL TERM
Topical Term EDUCATIONAL
Geographic subdivision INDIA
942 ## - ADDED ENTRY ELEMENTS (KOHA)
Koha item type Books
Holdings
Withdrawn status Lost status Collection code Home library Current library Shelving location Date acquired Source of acquisition Full call number Accession Number Koha item type
    Reference Main Library Main Library   02/05/2009 purchase 658.8 NEW/M 04430 Books